| 000 | 00738cam a22002651 4500 | ||
|---|---|---|---|
| 001 | 24714 | ||
| 003 | BD-RjUL | ||
| 005 | 20211209001105.0 | ||
| 008 | 140315s1953 cc 000 0 eng d | ||
| 035 | _a(BD-RjUL) 24783 | ||
| 035 | _a(OCoLC)603642 | ||
| 040 |
_aDLC _cOCU _dOCoLC _dBD-RjUL _beng |
||
| 041 | _aeng | ||
| 082 |
_a895.13 _bHST 1953 |
||
| 100 | 1 |
_aHsun, Lu _d1881-1936. _976071 |
|
| 245 | 1 | 4 |
_aThe true story of Ah Q / _c Lu Hsun |
| 250 | _a1st ed.] | ||
| 260 |
_aPeking : _bForeign Language Press, _c1953. |
||
| 300 |
_a111 p. : _bport. ; _c20 cm. |
||
| 650 |
_aChinese fiction 20th century _976072 |
||
| 942 |
_2ddc _cBK |
||
| 987 |
_aPINYIN _bDLC _c20021016 _dc |
||
| 999 |
_c24714 _d24714 |
||